000
002570000a22000970004500
100
1
_a
Farfán Navarro, Enrique (1937- )
245
1
0
_a
RHM - Un Estudio Previo
300
_a
vol. 57, núm 1 (1999), Páginas 227-238
773
0
_t
Estudios Bíblicos
942
_c
ANA
999
_c
50285
_d
50285